01233nam a2200289 i 4500001001000000003000900010005001700019007000300036008004100039040003000080082002400110245013600134264009400270300005700364336002700421337003300448338002800481590002700509700003500536700003700571700002700608700002000635910000700655942001400662952025000676999001700926000029837DO-SdBNP20241014153200.0ta240506s1994 dr ad 000 0 spa d aDO-SdBNPbspacBNPHUerda 4aRD863.44bA867c22200aAthene :bcuentos premiados del sur /cFania Jeanette Herrera, Virgilio López Azuán, Julian Paula, Emilia Pereyra, Bernardo Bor 4aSanto Domingo :bEditora Secretaria de Estado de Educación Bellas Artes y Cultosc1994. a103 páginas :cilustraciones, grafícos ;c28 cm. atextobtxt2rdacontent asin mediaciónbn2rdamedia avolumenbnc2rdacarrier aInventariado, 2024/ DG1 956590aHerrera, Fania Jeanette1 aLópez Azuán, Virgilio9866921 aPaula, Julián9297461 4Pereyra, Emilia aDG 2ddccLBS1 00102ddc51708PDaBNPHUbBNPHUcCTd2024-05-06eDonado por la Presidencia de la República Dominicana 2023.l0oBNPHU PD A867c RD863.44p2024-2790r2024-05-06w2024-05-06yLBS1zPerteneció a la biblioteca personal de Emilio Cordero Michel. c56606d56606